000 00936nam a22003137a 4500
003 CHAP
005 20220329135522.0
008 971013c19781956 r 00010 d
010 _a37938
011 _a38910
035 _a43030
040 _cCHAP
082 _a582.16
_bM5 1978
100 0 0 _aMiller, Howard A.
_975774
245 _aHow to know the trees
250 _a3 ed.
260 _aDubuque, Iowa :
_bBrown,
_c1978 c.1956
300 _a263 p.
_b: ilus
490 _aPictured key native series
590 _aBATCH-UPD
_b10
_c20130110
_lUCH01
_h1928
590 _aBATCH-UPD
_b10
_c20130410
_lUCH01
_h1252
590 _aBATCH-UPD
_b10
_c20130914
_lUCH01
_h1819
590 _aCONVERSION
_b10
_c20130109
_lUCH01
_h1321
650 1 4 _aÁrboles
_xIdentificación.
_982437
830 0 _aPictured key native series
_987992
901 _aBK
942 _cLIBRO
949 _a582.16 M5 1978
_bBC
_cC
_d33724000493789
_eC
_h3426
_i43030
_si
_t230.00
999 _c37938
_d37938